ბათუმის შოთა რუსთაველის სახელმწიფო უნივერსიტეტის ბიბლიოთეკა

საბანკო საქმე (ბიბ.ჩანაწერი № 36731)

000 -LEADER
fixed length control field 00971nam a2200277Ia 4500
001 - CONTROL NUMBER
control field 2666
003 - CONTROL NUMBER IDENTIFIER
control field GE_BSU
008 - FIXED-LENGTH DATA ELEMENTS--GENERAL INFORMATION
fixed length control field 181216s||||||||xx |||||||||||||| ||und||
020 ## - INTERNATIONAL STANDARD BOOK NUMBER
International Standard Book Number 9789941902949
040 ## - CATALOGING SOURCE
Transcribing agency GE_BSU
100 ## - MAIN ENTRY--PERSONAL NAME
Personal name გოგოხია,მაია
245 ## - TITLE STATEMENT
Title საბანკო საქმე
245 ## - TITLE STATEMENT
Remainder of title ლექციების კურსი
245 ## - TITLE STATEMENT
Statement of responsibility, etc. რედ:პროფ. გ.გამსახურდია
250 ## - EDITION STATEMENT
Edition statement მეორე გადამუშავებული გამოცემა
260 ## - PUBLICATION, DISTRIBUTION, ETC.
Place of publication, distribution, etc. თბილისი
260 ## - PUBLICATION, DISTRIBUTION, ETC.
Name of publisher, distributor, etc. შპს ,,ლამპარი''
260 ## - PUBLICATION, DISTRIBUTION, ETC.
Date of publication, distribution, etc. 2008
300 ## - PHYSICAL DESCRIPTION
Extent 413 გვ.
653 ## - INDEX TERM--UNCONTROLLED
Uncontrolled term საბანკო ლიკვიდობა
653 ## - INDEX TERM--UNCONTROLLED
Uncontrolled term საბანკო მარკეტინგი
653 ## - INDEX TERM--UNCONTROLLED
Uncontrolled term საბანკო საქმე
653 ## - INDEX TERM--UNCONTROLLED
Uncontrolled term სავალუტო ბაზარი
942 ## - ADDED ENTRY ELEMENTS (KOHA)
Koha item type წიგნი
ეგზემპლარები
Withdrawn status Lost status Damaged status Not for loan Date acquired Barcode Date last seen Price effective from Koha item type
        2018-12-17 1095 2018-12-17 2018-12-17 წიგნი